Αιολική άρπα: 1918

Αποθηκεύτηκε σε:
Λεπτομέρειες βιβλιογραφικής εγγραφής
Κύριος συγγραφέας: Σκίπης, Σωτήριος, 1881-1952
Άλλοι συγγραφείς: France, Anatole 1844-1924 (Συγγραφέας εισαγωγής κ.λπ.)
Μορφή: Βιβλίο
Γλώσσα:Greek
Δημοσίευση: Αθήναι : Ιωάννης Ν. Σιδέρης, 1922
Θέματα:
Ετικέτες: Προσθήκη ετικέτας
Δεν υπάρχουν, Καταχωρήστε ετικέτα πρώτοι!

MARC

LEADER 00000cam a2200000 i 4500
001 1/92919
008 080901s1922 gr ||| | gre||
035 |l 10099804 
040 |a GR-MY-UA  |b gre  |e aacr 
041 0 |a gre 
082 0 |a 881.02  |2 (22) 
100 1 |a Σκίπης, Σωτήριος,   |d 1881-1952. 
245 1 0 |a Αιολική άρπα:   |b 1918 /   |c Σωτήρης Σκίπης ; πρόλογος Ανατόλ Φρανς. 
260 |a Αθήναι :   |b Ιωάννης Ν. Σιδέρης,   |c 1922 
300 |a 135 σ.;   |c 20 εκ. 
650 0 0 |a Greek poetry. 
700 1 |a France, Anatole  |d 1844-1924,  |e aui 
852 |a INST  |b RHODES  |c AKA  |e 20080901  |h  881.02 ΣΚΙ  |p 005400028720  |q 005400028720  |t BK  |y 0 
901 |a BIBL4-2008-3 
909 |a Ρ  |b 152864 
970 |a ΚΟΖΑ  |b ΜΑΡΙΑ  |z 2008/09/01